| 000 | 00890cam a2200313 4500 | ||
|---|---|---|---|
| 008 | 090401t1997 xxu||||| |||| 00| 0 eng d | ||
| 020 | _a0853083835 | ||
| 035 | _a(Sirsi) u36355 | ||
| 041 | _aeng | ||
| 050 | _a346.4104342 | ||
| 100 | _aFreedman, Philip | ||
| 245 | _aService charges : law and practice. | ||
| 250 | _a2nd ed. | ||
| 260 |
_aBristol _bJordans _c1997 |
||
| 300 | _axix,259p. ; 24cm. | ||
| 350 | _a35 | ||
| 520 | _aSUPERSEDED BY 3RD EDITION, 2002 (isbn 0853087105) | ||
| 650 | _aBUSINESS TENANCIES | ||
| 650 | _aRESERVE FUNDS | ||
| 650 | _aPROPERTY-RESIDENTIAL PROPERTY-RESIDENTIAL LANDLORD AND TENANT-RESIDENTIAL TENANCIES | ||
| 650 | _aSERVICE CHARGES | ||
| 650 | _aSINKING FUNDS | ||
| 650 | _aVALUE ADDED TAX | ||
| 690 |
_aLandlord and tenant _96252 |
||
| 700 | _aShapiro, Eric F. | ||
| 700 | _aSlater, Brian | ||
| 942 | _n0 | ||
| 948 | _c04/03/1997 | ||
| 999 |
_c90258 _d90258 |
||